00369 a2200109 4500001001000000005001700010008004100027245008100068100002500149773006800174999001700242ART_4175020260410161806.0260409a 10a¿Es posible una ley uniforme a lo largo del orbe que regule la insolvencia?1 aBarreiro, Marcelo G.0 tDoctrina Societaria y Concursalg- Nº 305 (abr. 2013)wREV4298 c20989d20989